Kertas kerja Seminar ... , 24-25 Jun 1999, Johor Bahru, Johor

Bibliographic Details
Corporate Authors: SEMINAR Perancangan dan Pengurusan Hutan Paya Laut Negeri Johor, Malaysia
Format: Book
Published: Johor : Jabatan Perhutanan Negeri Johor; Danced , 1999
Subjects:

MARC

LEADER 00000cam a2200000 7i4500
001 0000002671
005 20031022.0
090 0 0 |a C577.698   |b SEM 1999 
110 1 0 |a SEMINAR Perancangan dan Pengurusan Hutan Paya Laut Negeri Johor   |k 1999   |j Johor Bahru, Johor 
245 1 0 |a Kertas kerja Seminar ... , 24-25 Jun 1999, Johor Bahru, Johor 
260 0 0 |a Johor :   |b Jabatan Perhutanan Negeri Johor; Danced ,   |c 1999 
300 |a Various pagings :   |b ill. ;   |c 30 cm. 
500 0 0 |a Includes bibliographical references 
650 0 0 |a Mangrove forests   |x Management   |z Johor   |x Congresses 
710 1 1 |a Malaysia ,   |c Jabatan Perhutanan Negeri Johor 
998 |a JPSM 
999 |a 0000005057   |b Monograph   |c Conference kit   |e Default branch